| 000 | 01394cab a22003375a 4500 | ||
|---|---|---|---|
| 001 | L142847 | ||
| 008 | 080314e20080308xxk f 000 0 eng d | ||
| 035 | _a(Sirsi) u142847 | ||
| 041 | 0 | _aeng | |
| 100 | 1 | _aRoberts, Philip | |
| 245 | 0 | 2 | _aA few words of advice |
| 260 | _c2008 | ||
| 490 |
_aEstates Gazette _v(0809) 8 March 2008, 196-197(2) |
||
| 520 | _aMainly for Students article reviews the three grades of presence on another's land in law. Underlines the importance of establishing whether land is in use, occupation and possession. Considers rights of way and rights of light as examples of the use of land. Examines landlord and tenant law in regard of both the occupation and possession of land. Case law. | ||
| 590 | _aKA | ||
| 650 | 2 | 4 | _aMONCRIEFF AND ANOTHER V JAMIESON AND OTHERS |
| 650 | 2 | 4 | _aSTREET V MOUNTFORD |
| 650 | 2 | 4 | _aWRIGHT V MACADAM |
| 650 | 2 | 4 | _aCOPELAND V GREENHALF |
| 650 | 2 | 4 | _aLONDON AND BLENHEIM ESTATES V LADBROKE RETAIL PARKS LTD |
| 650 | 2 | 4 | _aPOINTON YORK GROUP PLC V POULTON |
| 650 | 2 | 4 | _aGRAYSIM HOLDINGS LTD V P AND O PROPERTY HOLDINGS LTD |
| 650 | 2 | 4 | _aSMITH V TITANATE LTD |
| 650 | 2 | 4 | _aAKICI V L R BUTLIN LTD |
| 650 | 2 | 4 | _aESSELTE AB V PEARL ASSURANCE PLC |
| 650 | 2 | 4 | _aBACCHIOCCHI V ACADEMIC AGENCY LTD |
| 651 | 4 |
_aUnited Kingdom _y |
|
| 690 |
_aBoundary disputes _96221 |
||
| 690 |
_aLandlord and tenant _96252 |
||
| 942 | _n0 | ||
| 999 |
_c79956 _d79956 |
||